000 00624nam a2200217Ia 4500
005 20250508151846.0
008 008 250505s9999 xx 000 0 hin d
037 _aTextual
040 _aFEDL
_beng
_cFEDL
041 _ahin
_2eng
084 _a153.93, DRE
_qFEDL
100 _aDrever James
245 0 _aPerformance tests of intelligence
250 _a3rd
260 _aEdinburgh
_bOliver and Boyd
_c1950
300 _a59p.
490 _aA series of non-linguistic tests for deaf and normal children
700 _a Collins Mary
_9760170
942 _cTEXL
_h153.93, DRE
999 _c1332547
_d1332547